Ústava Slovenskej republiky a jej demokratický charakter

Bibliographic Details
Main Author: Chovanec, Jaroslav, 1935- (Author)
Format: Article
Language:Slovak
PhysicalDescription:Lit. 12 zázn. v češ., nem., slov.
Subjects:

MARC

LEADER 00000nab a2200000 a 4500
001 vtls000523232
003 SK-MaSNL
005 20260304090224.0
008 250425c1994 xo 0 slo
015 |a SNBRB19rr/mm-uuuuu 
035 |a CL0523370 
035 |a urn:nbn:sk:snk-ab291m 
035 |a (urnnbn)urn:nbn:sk:snk:ar-a01z02 
035 |a (uuid)1f897c84-0ce5-4743-911f-76657c67f0d2 
040 |a SNKBUCL  |b slo  |c SNKBUCL  |e AACR2 
041 0 |a slo 
044 |a xo  |c SK 
080 |a 342.4(437.6):342.34  |2 1981 
080 |a 342.34  |2 1981 
100 1 |a Chovanec, Jaroslav,  |d 1935-  |4 aut  |9 85200 
245 1 0 |a Ústava Slovenskej republiky a jej demokratický charakter  |c Jaroslav Chovanec 
300 |b Lit. 12 zázn. v češ., nem., slov. 
650 0 7 |a Ústava Slovenskej republiky  |2 snkbucl  |9 499021 
655 7 |a články z novín a časopisov  |2 snkbucl  |9 267496 
773 0 |t Právny obzor  |g Roč. 77, č. 3 (1994), s. 312-320 
850 |a Slovenská národná knižnica 
852 |a Slovenská národná knižnica 
954 |a odborná, vedecká literatúra pôvodná (slovenská)  |2 lita 
958 |a article27 
958 |a RK 
958 |a OND 
958 |a EUIPO 
992 |a RBX 
999 |c 2810765  |d 2812695